Zdroje financovania malých a stredných podnikov - rizikový kapitál diplomová práca

Enregistré dans:
Détails bibliographiques
Auteur principal: Pásztorová, Jana, 1960-
Collectivité auteur: Národohospodárska fakulta EU. Katedra financií
Autres auteurs: Bašová, Alena, 1961-
Format: Livre
Langue:slovaque
Publié: Bratislava 2008
Tags: Ajouter un tag
Pas de tags, Soyez le premier à ajouter un tag!

MARC

LEADER 00000nam$a2200000$$$4500
001 0078713
005 20240201120908.7
041 0 |a slo 
044 |a SK 
245 1 0 |a Zdroje financovania malých a stredných podnikov - rizikový kapitál  |b diplomová práca  |c Jana Pásztorová ; škol. Alena Bašová 
264 1 |a Bratislava  |c 2008 
300 |a 60 s. 
100 1 |a Pásztorová, Jana, 1960- 
700 1 |a Bašová, Alena, 1961- 
710 2 |a Národohospodárska fakulta EU. Katedra financií